000 00379 a2200145 4500
020 _a969519088X
082 _a297.63
090 _c6049
_d6049
100 _aLings,Martin.
245 _aMuhammad.
_bHis life based on the earliest sources.
_cLings,Martin.
260 _aLahore.
_bSuhail Academy.
_c2005.
300 _a361p.
500 _aHardcover.
942 _aNBS
_cBK
_k297.63 LIN
999 _c348437
_d348437